Teachings of Islam and Other Tracts. (Record no. 2729)

MARC details
000 -LEADER
fixed length control field 00583nam a2200241 a 4500
020 ## - INTERNATIONAL STANDARD BOOK NUMBER
ISBN
082 00 - DEWEY DECIMAL CLASSIFICATION NUMBER
Classification number 297
Author Cutter ALI2
100 ## - MAIN ENTRY--AUTHOR NAME
Author name Ali, Mohammad
245 ## - TITLE STATEMENT
Title Teachings of Islam and Other Tracts.
260 ## - PUBLICATION, DISTRIBUTION, ETC. (IMPRINT)
Place of publication Lahore
Name of publisher Central Printing Works
Year of publication 0000
300 ## - PHYSICAL DESCRIPTION
Number of Pages 95p
500 ## - GENERAL NOTE
General note includes index and biblioraphy
505 2# - FORMATTED CONTENTS NOTE
Formatted contents note Index
650 ## - SUBJECT ADDED ENTRY--TOPICAL TERM
Topical Term Islam-Meccan Trade
942 ## - ADDED ENTRY ELEMENTS (KOHA)
Koha item type Books
700 1# -
-- Ali, Mohammad
Holdings
Collection code Home library Current library Date acquired Cost, normal purchase price Full call number Accession Number Koha item type
  Henry Martyn Institute Library Henry Martyn Institute Library 07/27/2007 100.00 297 ALI2 01457 Books
                   Copyright © 2026 | Henry Martyn Institute | Hyderabad | TS-500052 | INDIA | Implemented by hmi.edu.in
Hit-Count:

Powered by Koha